[Event "Hessen-ch int"]
[Site "Hessen"]
[Date "1999.??.??"]
[Round "5"]
[White "Winants, Luc"]
[Black "Glek, Igor V"]
[Result "0-1"]
[WhiteElo "2510"]
[BlackElo "2535"]

1.d4 Nf6 2.Bg5 Ne4 3.Bf4 c5 4.d5 Qb6 5.Nd2 Qxb2 6.Nxe4 Qb4+ 7.Qd2 Qxe4 8.e3 Qb4
9.c3 Qa5 10.d6 Nc6 11.Nf3 g6 12.Rc1 Bg7 13.Be2 e6 14.e4 h6 15.O-O b6 16.Qd3 e5
17.Bd2 Qxa2 18.c4 Qa6 19.Bc3 Qb7 20.Bd1 Qb8 21.Nh4 Nd4 22.Bxd4 Qxd6 23.Qg3 cxd4
24.Nf5 Qf6 25.Nxg7+ Qxg7 26.Qa3 Qf8 27.c5 Qe7 28.f4 exf4 29.e5 Bb7 30.e6 Qxe6
31.c6 Bxc6 32.Bb3 Qe3+ 33.Kh1 f3 34.Rxc6 fxg2+ 35.Kxg2 Qe4+ 36.Kg1 Qxc6 37.Bxf7+ Kd8
38.Re1 Rc8 39.Qg3  0-1

[Event "Hessen-ch int"]
[Site "Hessen"]
[Date "1999.??.??"]
[Round "8"]
[White "Senk, Christian"]
[Black "Kachiani Gersinska, Ketino"]
[Result "0-1"]
[WhiteElo "2145"]
[BlackElo "2425"]

1.d4 Nf6 2.Bg5 Ne4 3.Bf4 c5 4.f3 Qa5+ 5.c3 Nf6 6.d5 Qb6 7.Bc1 e6 8.c4 Qb4+
9.Nc3 Qxc4 10.e4 Qb4 11.d6 c4 12.e5 Nd5 13.Bd2 Qxb2 14.Rc1 Nc6 15.Bxc4 Nxc3
16.Bxc3 Qxg2 17.Qe2 Qg5 18.Rd1 Qh4+ 19.Kf1 g6 20.Be1 Qh5 21.f4 Qxe2+ 22.Nxe2 Bg7
23.Bh4 O-O 24.Bf6 Bxf6 25.exf6 b6 26.Rg1 Bb7 27.Nc3 a6 28.Na4 b5 29.Nc5 bxc4
30.Nxb7 Nb4 31.Nc5 Nd5 32.Nxd7 Rfd8 33.Ne5 Rxd6 34.Nxc4 Rc6 35.Ne5 Rc2 36.Ng4 Rb8
37.Nh6+ Kf8 38.Rg3 Nxf6 39.Ra3 Rxh2  0-1

[Event "HUN-chT29899"]
[Site "HUN"]
[Date "1999.??.??"]
[Round "?"]
[White "Gaspar, Zoltan"]
[Black "Jonas, Zsolt"]
[Result "1-0"]
[WhiteElo "2205"]
[BlackElo "2140"]

1.d4 Nf6 2.Bg5 Ne4 3.Bf4 d6 4.c4 Nd7 5.Qc2 Nef6 6.Nc3 e5 7.dxe5 dxe5 8.Bg5 Be7
9.O-O-O c6 10.e3 Qa5 11.f4 O-O 12.Nf3 Re8 13.Bd3 h6 14.Bxf6 Bxf6 15.Bh7+ Kh8
16.Ne4 exf4 17.Nd6 Re7 18.Kb1 Nf8 19.Bf5 Be6 20.exf4 b5 21.g4 bxc4 22.g5 Bxb2
23.Bxe6 Rb8 24.Bxc4 Be5+ 25.Bb3 Bxf4 26.gxh6 Bxh6 27.Nd4 Rc7 28.Rhf1 Qh5
29.Qf5 Qxf5+ 30.Rxf5 f6 31.Rd3 Ng6 32.Rc5 Rb4 33.a3 Rb6 34.Nc4 Rb8 35.Kc2 Re8
36.Nd6 Re1 37.Rd1 Ree7 38.Ne6 Rcd7 39.Rxc6 Kh7 40.Kc3 Be3 41.Rd3 Ne5 42.Nf8+ Kh8
43.Rxe3  1-0

[Event "HUN-chT9899"]
[Site "HUN"]
[Date "1999.??.??"]
[Round "?"]
[White "Meszaros, Gyula"]
[Black "Szabo, Zsolt"]
[Result "1-0"]
[WhiteElo "2305"]
[BlackElo "2415"]

1.d4 Nf6 2.Bg5 Ne4 3.Bf4 c5 4.f3 Qa5+ 5.c3 Nf6 6.Nd2 cxd4 7.Nb3 Qd8 8.cxd4 d5
9.e3 Nc6 10.Bb5 Bd7 11.Ne2 e6 12.O-O Nh5 13.Nc5 Nxf4 14.Nxf4 Bxc5 15.dxc5 O-O
16.Qd2 Ne5 17.Be2 a5 18.b3 b6 19.Rac1 bxc5 20.Rxc5 Qb6 21.Rfc1 Rfc8 22.Qd4 Rxc5
23.Rxc5 Nc6 24.Qc3 Rc8 25.Nd3 Qb8 26.f4 Nb4 27.Ne5 Nxa2 28.Rxc8+ Qxc8 29.Qxa5 Nc1
30.Ba6  1-0

[Event "Kastel Stari op"]
[Site "Kastel Stari"]
[Date "1999.??.??"]
[Round "2"]
[White "Levacic, Patrick"]
[Black "Rade, Miroslav"]
[Result "1/2-1/2"]
[WhiteElo "2405"]
[BlackElo "2331"]

1.d4 Nf6 2.Bg5 Ne4 3.Bf4 d5 4.f3 Nf6 5.Nc3 e6 6.e4 Bb4 7.e5 Nfd7 8.Ne2 a6
9.a3 Be7 10.Be3 O-O 11.f4 f6 12.exf6 Nxf6 13.Qd2 Nbd7 14.g3 Nb6 15.b3 Ng4
16.Bg2 Bd6 17.Bh3 Nh6 18.Bf2 Qe8 19.Bg2 Ng4 20.Bg1 Nd7 21.h3 Ngf6 22.Bf2 b6
23.O-O Bb7 24.Nc1 c5 25.Nd3 cxd4 26.Bxd4 Nc5 27.Qe3 Rc8 28.Ne5 b5 29.Rfe1  1/2-1/2

[Event "Kiev-ch"]
[Site "Kiev"]
[Date "1999.??.??"]
[Round "5"]
[White "Semenova, Lidia K"]
[Black "Panchenko, Alexandar G"]
[Result "0-1"]
[WhiteElo "2280"]
[BlackElo "2427"]

1.d4 Nf6 2.Bg5 Ne4 3.Bf4 c5 4.f3 Nf6 5.dxc5 Qa5+ 6.Nc3 Qxc5 7.Qd2 d6 8.e4 g6
9.Be3 Qc7 10.Nb5 Qd8 11.Nxa7 Bd7 12.Nb5 Nc6 13.Ne2 Bg7 14.Nec3 O-O 15.Be2 Be6
16.O-O Qa5 17.a3 Rfc8 18.Nd4 Bd7 19.Nb3 Qd8 20.Nd5 Nxd5 21.exd5 Ne5 22.c3 Nc4
23.Bxc4 Rxc4 24.Qf2 Rca4 25.Rfe1 Bb5 26.Nd4 Bc4 27.b3 Bxd4 28.bxa4 Bxc3 29.Bh6 Bxd5
30.Rac1 Bxe1 31.Qd4 e5 32.Qxd5 Qb6+ 33.Kh1 Bh4 34.Qe4 Be7 35.Rb1 Qc6 36.Rxb7 Qxe4
37.fxe4 Bf8 38.Bxf8 Kxf8 39.Rb4 f5 40.Kg1 fxe4 41.Rxe4 Ke7 42.Kf2 Ke6 43.Rb4 d5
44.Ke3 Kd6 45.Kd3 Kc6 46.Kc3 Rf8 47.Rb2 Ra8 48.Rb4 h5 49.h4 Ra5 50.Kd3 Rc5
51.Rb3 Rc4 52.Rb4 Rg4 53.a5 Rg3+ 54.Ke2 Rxa3 55.Rb6+ Kc5 56.Rxg6 Rxa5 57.Rg5 Ra2+
58.Kf1 e4 59.Rxh5 Kd4 60.g4 e3 61.g5 Rf2+ 62.Ke1 Rg2 63.Rh6 Kd3 64.Kf1 Rh2
65.Kg1 e2 66.Kxh2 e1=Q 67.Kh3 d4 68.Kg4 Qe4+ 69.Kh5 Ke3  0-1

[Event "Kiev-ch"]
[Site "Kiev"]
[Date "1999.??.??"]
[Round "7"]
[White "Semenova, Lidia K"]
[Black "Kernazhitsky, Leonid"]
[Result "1/2-1/2"]
[WhiteElo "2280"]
[BlackElo "2413"]

1.d4 Nf6 2.Bg5 Ne4 3.Bf4 c5 4.f3 Qa5+ 5.c3 Nf6 6.Nd2 cxd4 7.Nc4 Qf5 8.Bxb8 Rxb8
9.Qxd4 b6 10.e4 Qc5 11.Qxc5 bxc5 12.O-O-O e6 13.e5 Nd5 14.Nh3 Ba6 15.Re1 Be7
16.Nd6+ Bxd6 17.Bxa6 Be7 18.f4 O-O 19.Rhf1 f6 20.g3 fxe5 21.fxe5 Rxf1 22.Bxf1 Rf8
23.Bg2 Nb6 24.Kc2 g5 25.b3 Kg7 26.c4 h5 27.Be4 Bd8 28.Bd3 Kh6 29.a3 a5 30.Rf1 Rxf1
31.Bxf1 Bc7 32.b4 axb4 33.axb4 Bxe5 34.bxc5 Na4 35.Nf2 g4 36.Ne4 Bd4 37.Kd3 Bxc5
38.h3 gxh3 39.Bxh3 Kg6 40.Nd2 Bd6 41.Ne4 Be5 42.c5 Nb2+ 43.Ke3 Nc4+ 44.Kf3 Bd4
45.Bf1 Ne5+ 46.Kf4 Nc6 47.Ba6 e5+ 48.Kf3 Kf7 49.Bc4+ Ke7 50.Kg2 Nd8 51.Kh3 Ne6
52.Kh4 Nxc5 53.Nxc5 Bxc5 54.Kxh5 Be3 55.Kg4 Kd6 56.Kf5 Kc5 57.Be6  1/2-1/2

[Event "Lenk op"]
[Site "Lenk"]
[Date "1999.??.??"]
[Round "3"]
[White "Curien, Nicolas"]
[Black "Suetin, Alexey S"]
[Result "0-1"]
[WhiteElo "2215"]
[BlackElo "2391"]

1.d4 Nf6 2.Bg5 Ne4 3.Bf4 c5 4.f3 Qa5+ 5.c3 Nf6 6.d5 Qb6 7.b3 e6 8.e4 Bd6
9.Bxd6 Qxd6 10.dxe6 Qxd1+ 11.Kxd1 fxe6 12.Kc2 O-O 13.Nd2 d5 14.Bd3 Nc6 15.Kb2 Rd8
16.Rd1 Ne5 17.Bc2 dxe4 18.fxe4 Nfg4 19.Nh3 Ne3 20.Rde1 Nxg2 21.Re2 Nh4 22.Nf4 Rf8
23.Nh5 g6 24.Ng3 Bd7 25.Rf1 Rxf1 26.Ndxf1 Kf7 27.Ne3 Ke7 28.a4 Nhf3 29.Ngf1 Rf8
30.b4 cxb4 31.cxb4 Nd4 32.Rd2 Nef3 33.Rf2 Ng5 34.Rg2 Nxc2 35.Rxc2 Bxa4 36.Rc4 Rf2+
37.Ka3  0-1

[Event "Liga Asturiana 3th"]
[Site "Liga Asturiana"]
[Date "1999.??.??"]
[Round "?"]
[White "Olea Perez, Mario"]
[Black "Cenal Gutierrez, Ruben"]
[Result "1-0"]
[WhiteElo "2153"]
[BlackElo "2281"]

1.d4 Nf6 2.Bg5 Ne4 3.Bf4 c5 4.f3 Nf6 5.dxc5 Qa5+ 6.Qd2 Qxc5 7.Nc3 g6 8.e4 d6
9.O-O-O Nc6 10.Nb5 Qb6 11.e5 Nxe5 12.Qc3 Nc6 13.Nxd6+ exd6 14.Qxf6 Rg8 15.Bc4 Nd8
16.Bxf7+ Nxf7 17.Re1+ Ne5 18.Bxe5 dxe5 19.Rxe5+ Kd7 20.Qf7+ Kd6 21.Qd5+ Kc7
22.Qxg8 Bf5 23.Qf7+ Kc6 24.Qc4+ Kd6 25.Rd5+ Ke7 26.Qc5+ Ke6 27.Re5+ Kf6 28.Qxb6+ axb6
29.Re2 Rxa2 30.Kb1 Ra4 31.Nh3 Bxh3 32.gxh3 Rh4 33.Rhe1 Rxh3 34.Re6+ Kg5 35.Rxb6 Rxf3
36.Rxb7 Rh3 37.c4 Bd6 38.c5 Bxh2 39.c6 Rf3 40.Rxh7 Bg3 41.Re8 Rf1+ 42.Ka2 Rc1
43.Re3  1-0

[Event "Copa Union de Reyes 4th"]
[Site "Matanzas"]
[Date "1999.??.??"]
[Round "3"]
[White "Mera Cedeno, Angel"]
[Black "Arribas, Maritza"]
[Result "1/2-1/2"]
[WhiteElo "2360"]
[BlackElo "2320"]

1.d4 Nf6 2.Bg5 Ne4 3.Bf4 c5 4.f3 Qa5+ 5.c3 Nf6 6.d5 d6 7.e4 g6 8.Qd2 h6 9.b4 cxb4
10.cxb4 Qd8 11.Na3 Bg7 12.Rc1 Bd7 13.Bb5 Na6 14.Bxa6 bxa6 15.Ne2 Bb5 16.Nd4 Qb6
17.Be3 Qb7 18.Nc4 Bxc4 19.Rxc4 Nd7 20.Qc3 Ne5 21.Rc7 Qb8 22.O-O O-O 23.Rc1 Re8
24.Qd2 Kh7 25.h3 g5 26.Nf5 Ng6 27.Kh1 Be5 28.h4 Nxh4 29.Nxh6 f6 30.Ng4 Ng6
31.g3 Kg7 32.f4 Rh8+ 33.Nh2 Rxh2+ 34.Kxh2 gxf4 35.gxf4 Qh8+ 36.Kg1 Qh3 37.fxe5 Rh8
38.Rxe7+ Kf8 39.Rc8+ Qxc8 40.Re6 Nxe5 41.Bh6+ Kf7 42.Rxf6+ Kxf6 43.Qg5+ Kf7
44.Qg7+ Ke8 45.Qxh8+ Kd7 46.Qg7+ Ke8 47.Qg8+ Kd7 48.Qg7+ Ke8 49.Bf4 Qg4+
50.Qxg4 Nxg4 51.Kg2 Kd7 52.Kf3 Nf6 53.Be3 a5 54.Bxa7 axb4 55.Bb6 Ne8 56.Ba5 Ke7
57.Bxb4 Nc7 58.a4 Kd7 59.Ke3 Ne8 60.Kd4 Ke7 61.Ba5 Kd7 62.Bb6 Kc8 63.a5 Kb7
64.Bd8 Kc8 65.Be7 Kd7 66.Bg5 Kc7 67.Ke3 Kd7 68.Kf4 Nc7 69.Kf5 Na6 70.Be3 Nb4
71.Bb6 Na6 72.Kf4 Nb8 73.Ke3 Kc8 74.Kd3 Nd7 75.Bd4 Kb7 76.Kc4 Ka6 77.Kb4 Nb8
78.Bc5 Nd7 79.Bxd6 Nf6 80.e5 Nxd5+ 81.Kc4 Nf4 82.Bb4 Ne6 83.Kd5 Nc7+ 84.Kc6 Ne6
85.Kd7 Ng5 86.Kc6 Nf7  1/2-1/2

[Event "Fide Mercenarios 40th"]
[Site "Mexico"]
[Date "1999.??.??"]
[Round "9"]
[White "Araiza Nieto, Victor Fernando"]
[Black "Albarran, Alejandro"]
[Result "0-1"]
[WhiteElo "2000"]
[BlackElo "2140"]

1.d4 Nf6 2.Bg5 Ne4 3.Bf4 c5 4.d5 Qb6 5.f3 Qxb2 6.fxe4 Qxa1 7.a3 g5 8.Bxg5 Qe5
9.Nf3 Qxe4 10.Nc3 Qg6 11.Qd2 Bg7 12.e3 d6 13.Bb5+ Bd7 14.O-O Rg8 15.Bd3 f5
16.Nb5 Bxb5 17.Bxb5+ Nd7 18.g3 Bf6 19.Bxf6 Qxf6 20.Kh1 O-O-O 21.Rb1 Qh6 22.Qa5 Qxe3
23.Kg2 Ne5 24.Rb3 Qe4 25.Qxa7 Qxd5 26.Qa8+ Kc7 27.Qa5+ b6 28.Qa7+ Qb7 29.Qa4 Rg4
30.c4 Ra8 31.Ba6 Rxa6 32.Qe8 Ng6 33.Qf7 Ra8 34.Kf2 Rf8 35.Qxh7 f4 36.Qh5 fxg3+
37.hxg3 Qe4  0-1

[Event "Miskolc Avas op"]
[Site "Miskolc"]
[Date "1999.??.??"]
[Round "2"]
[White "Ionescu, Doru Alexandru"]
[Black "Svoboda, Svatopluk"]
[Result "0-1"]
[WhiteElo "2320"]
[BlackElo "2150"]

1.d4 Nf6 2.Bg5 Ne4 3.Bh4 g5 4.f3 gxh4 5.fxe4 c5 6.e3 Qb6 7.b3 Bh6 8.Qd3 d6
9.c3 Nc6 10.Nf3 e5 11.d5 c4 12.Qe2 cxb3 13.axb3 Ne7 14.Nbd2 Ng6 15.Qb5+ Qxb5
16.Bxb5+ Ke7 17.Ke2 h3 18.g3 Bg4 19.Bd3 Kd7 20.Ra3 Ne7 21.Rha1 a6 22.Nc4 Raf8
23.Rf1 f5 24.exf5 Nxd5 25.b4 b5 26.Be4 Nf6 27.Nb6+ Kd8 28.Kd3 Nxe4 29.Kxe4 Bxf5+
30.Kd5 Kc7 31.Rxa6 Bxe3 32.c4 Bg4 33.c5 Kb7 34.Rfa1 Bxf3+ 35.Kxd6 Rf6+ 36.Kxe5 Rg6
37.Ra7+ Kc6 38.Re7 Rg5+ 39.Ke6 Bg4+ 40.Kf7 Bd4  0-1

[Event "Miskolc Avas op"]
[Site "Miskolc"]
[Date "1999.??.??"]
[Round "9"]
[White "Zambor, Norbert"]
[Black "Svoboda, Svatopluk"]
[Result "1-0"]
[WhiteElo "2270"]
[BlackElo "2150"]

1.d4 Nf6 2.Bg5 Ne4 3.Bf4 c5 4.f3 Nf6 5.d5 d6 6.c4 g6 7.Qd2 h6 8.e4 Bg7 9.Nc3 a6
10.a4 Qa5 11.Ra3 Bd7 12.g4 b6 13.Nge2 Ng8 14.Qc2 g5 15.Bd2 b5  1-0

[Event "Mondariz-B"]
[Site "Mondariz"]
[Date "1999.??.??"]
[Round "2"]
[White "Moreno Ruiz, Javier"]
[Black "Mitkov, Nikola"]
[Result "0-1"]
[WhiteElo "2390"]
[BlackElo "2505"]

1.d4 Nf6 2.Bg5 Ne4 3.Bf4 d5 4.f3 Nf6 5.e4 e6 6.e5 Nfd7 7.Be3 c5 8.c3 Nc6
9.f4 Qb6 10.Qd2 a5 11.Nf3 a4 12.Bd3 cxd4 13.cxd4 Bb4 14.Nc3 a3 15.b3 Qa5
16.Rc1 Nf8 17.O-O Bd7 18.Qe1 Ng6 19.Bd2 O-O 20.g4 Nce7 21.Ne2 Bxd2 22.Nxd2 f5
23.Rc5 Qb6 24.Qg3 fxg4 25.Qxg4 Qb4 26.Nf3 Nf5 27.Rc7 Be8 28.Rfc1 Qb6 29.R7c5 Nge7
30.Ng3 Bg6 31.Nxf5 Bxf5 32.Bxf5 Nxf5 33.Kh1 h6 34.Qg6 Ne7 35.Qg4 Rf7 36.Rg1 Nf5
37.Qg6 Nxd4 38.Nxd4 Qxc5 39.Nxe6 Qc6 40.h3 d4+ 41.Kh2 Re8 42.f5 Ree7 43.Nxd4 Qxg6
44.Rxg6 Rxe5 45.Rd6 Re3 46.Rd8+ Rf8 47.Rd7 Rd3  0-1

[Event "RUS-ch sf"]
[Site "Novosibirsk"]
[Date "1999.??.??"]
[Round "7"]
[White "Gutov, Andrei"]
[Black "Garagulya, K."]
[Result "0-1"]
[WhiteElo "2278"]
[BlackElo "2380"]

1.d4 Nf6 2.Bg5 Ne4 3.Bh4 d5 4.f3 Nd6 5.c3 c6 6.Nd2 Bf5 7.Nh3 Bxh3 8.gxh3 Nf5
9.Bf2 e6 10.e4 Ne7 11.c4 Nd7 12.Qa4 Nb6 13.Qb3 dxc4 14.Nxc4 Nxc4 15.Bxc4 Qa5+
16.Ke2 O-O-O 17.Bg3 Ng6 18.Rac1 Bd6 19.e5 Be7 20.Rhd1 Kb8 21.f4 Nh4 22.Bxh4 Bxh4
23.Qc3 Qb6 24.b4 f6 25.Bxe6 fxe5 26.fxe5 Rhf8 27.Rf1 Rxf1 28.Rxf1 Rxd4 29.Rf8+ Bd8
30.Qc5 Qxc5 31.bxc5 Kc7 32.Ke3 Rd1 33.Rf7+ Kb8 34.Bg4 Rd5 35.Ke4 a5 36.e6 Bf6
37.Rf8+ Ka7 38.Re8 Rxc5 39.Bf5 Re5+ 40.Kf4 h6 41.h4 Re2 42.Be4 Kb6 43.Rg8 Rxa2
44.Rxg7 Rxh2  0-1

[Event "Recklinghausen op"]
[Site "Recklinghausen"]
[Date "1999.??.??"]
[Round "2"]
[White "Kishnev, Sergey"]
[Black "Konietzka, Lutz"]
[Result "1-0"]
[WhiteElo "2495"]
[BlackElo "2135"]

1.d4 Nf6 2.Bg5 Ne4 3.Bf4 c5 4.f3 Nf6 5.dxc5 Qa5+ 6.Qd2 Qxc5 7.e4 d6 8.c4 Nc6
9.Nc3 Bd7 10.Rc1 Qa5 11.Nd5 Qxd2+ 12.Kxd2 Rc8 13.Ne2 Nh5 14.Be3 e6 15.Ndc3 Be7
16.g4 Nf6 17.Bg2 O-O 18.Rhd1 Rfd8 19.Ke1 h6 20.b3 Be8 21.h3 b6 22.f4 Nd7
23.Rd2 Nc5 24.Rcd1 a6 25.Kf2 Rb8 26.Nd4 b5 27.cxb5 Nxd4 28.Bxd4 axb5 29.b4 Na4
30.Nxa4 bxa4 31.a3 Rdc8 32.Bf1 Bc6 33.e5 Bd5 34.Ba6 Rc7 35.exd6 Bxd6 36.Be5 Bxe5
37.fxe5 Rc3 38.Rd3 Rc2+ 39.R1d2 Rc1 40.b5 Kh7 41.Rd4 Rc3 42.R2d3 Rc2+ 43.Ke3 Bc4
44.Rd8 Bxd3 45.Rxb8 Rc3 46.Kd4 Rxa3 47.Ra8 Rb3 48.b6 Bxa6 49.Rxa6 Kg6 50.h4 h5
51.g5 a3 52.Kc4 Rb2 53.Kc5 Rb3 54.Kc6 Kf5 55.b7 Rc3+ 56.Kb6 Rb3+ 57.Ka7 Kxe5
58.Rb6 Rxb6 59.Kxb6 a2 60.b8=Q+ Kf5 61.Qa8 Kg4 62.Qa4+ Kh3  1-0

[Event "Santiago op"]
[Site "Santiago"]
[Date "1999.??.??"]
[Round "2"]
[White "Duarte, Marcelo R"]
[Black "Romero, Diego"]
[Result "1-0"]
[WhiteElo "2335"]
[BlackElo "2066"]

1.d4 Nf6 2.Bg5 Ne4 3.Bf4 d5 4.f3 Nd6 5.Nc3 e6 6.e4 dxe4 7.fxe4 b6 8.Nf3 Bb7
9.Bd3 Nc6 10.a3 f6 11.O-O Qd7 12.d5 exd5 13.exd5 Ne7 14.Nd4 Nxd5 15.Re1+ Ne7
16.Qh5+ Kd8 17.Rad1 Kc8 18.Ndb5 a6 19.Nxd6+ cxd6 20.Bc4 Qc6 21.Qh3+ Kb8 22.Rxd6 Qc5+
23.Qe3 Qxe3+ 24.Rxe3 Ka7 25.Rd7 Rc8 26.Be6 Rc6 27.Bg4 Rc4 28.Bf3 Nc6 29.b4 g5
30.Bg3 f5 31.Be5  1-0

[Event "Santiago op"]
[Site "Santiago"]
[Date "1999.??.??"]
[Round "4"]
[White "Duarte, Marcelo R"]
[Black "Basualto, Pedro"]
[Result "1-0"]
[WhiteElo "2335"]
[BlackElo "2085"]

1.d4 Nf6 2.Bg5 Ne4 3.Bf4 c5 4.d5 Qa5+ 5.c3 d6 6.f3 Nf6 7.e4 Nbd7 8.Nd2 g6
9.g4 h6 10.h4 Bg7 11.Nh3 Qc7 12.Bc4 b6 13.Qe2 a6 14.a4 Bb7 15.Nf2 Nh7 16.Nd3 g5
17.Bg3 Nhf8 18.f4 gxf4 19.Nxf4 Ne5 20.Nh5 Rg8 21.Rf1 Bh8 22.Bxe5 Bxe5 23.Nf3 Ng6
24.g5 Bc8 25.Rg1 Bf4 26.gxh6 Bxh6 27.e5 dxe5 28.d6 exd6 29.Nf6+ Kf8 30.Nxg8 Bg7
31.O-O-O Bb7 32.Rxg6 fxg6 33.Ng5 Ke8 34.Bf7+ Kd7 35.Qg4+  1-0

[Event "Liechtenstein op"]
[Site "Schaan"]
[Date "1999.??.??"]
[Round "2"]
[White "Sucher, Johannes"]
[Black "Landenbergue, Claude"]
[Result "0-1"]
[WhiteElo "2185"]
[BlackElo "2420"]

1.d4 Nf6 2.Bg5 Ne4 3.Bh4 c6 4.c3 Qa5 5.Qc2 d5 6.f3 Nd6 7.Nd2 e5 8.dxe5 Nf5
9.Bf2 Bc5 10.Bxc5 Qxc5 11.e4 Ne3 12.Qd3 Nxf1 13.Kxf1 O-O 14.exd5 cxd5 15.Nb3 Qb6
16.Re1 Nc6 17.g3 d4 18.Nxd4 Qxb2 19.Re2 Qa3 20.Nb5 Qc5 21.f4 Bg4 22.Rb2 f6
23.Nd6 fxe5 24.Rb5 Qa3 25.Ne2 Qxa2 26.Nc1 Bh3+ 27.Ke1 Qg2 28.Qd5+ Qxd5 29.Rxd5 Bg2  0-1

[Event "Staufer-Open 11th"]
[Site "Schwaebisch Gmuend"]
[Date "1999.??.??"]
[Round "5"]
[White "Gerstner, Wolfgang"]
[Black "Lentrodt, Thomas"]
[Result "1/2-1/2"]
[WhiteElo "2365"]
[BlackElo "2295"]

1.d4 Nf6 2.Bg5 Ne4 3.Bf4 c5 4.f3 Nf6 5.dxc5 Qa5+ 6.Qd2 Qxc5 7.e4 d6 8.Nc3 a6
9.O-O-O Nc6 10.Nd5 Nxd5 11.exd5 Ne5 12.Re1 g6 13.Be3 Qc7 14.f4 Nd7 15.Bd4 Rg8
16.h4 b5 17.Be2 Bb7 18.Bf3 Nb6 19.Bxb6 Qxb6 20.Qe3 Qxe3+ 21.Rxe3 Rc8 22.Ne2 Bg7
23.Rd1 Bf6 24.g3 Rc4 25.c3 h6 26.Kc2 g5 27.b3 Rc7 28.hxg5 hxg5 29.Nd4 gxf4
30.gxf4 Rh8 31.Nc6 Rh4 32.Rg1 Kf8 33.Rg4 Rxg4 34.Bxg4 Bxc6 35.dxc6 Rxc6 36.Be2 d5
37.Kd2 e6 38.Bf1 Bd8 39.Rh3 Ba5 40.Kc2 Bc7 41.Rf3 Ke7 42.Kb2 Kf6 43.Bd3 Ba5
44.Bf1 Bc7 45.Bd3 Bd6 46.a3 Rc8 47.b4 Rh8 48.Kb3 Rh4 49.a4 Rxf4 50.Rxf4+ Bxf4
51.axb5 axb5 52.Bxb5 Ke5 53.c4 dxc4+ 54.Kxc4 Be3 55.Kd3 Bb6 56.Ke2 Kd4 57.Bc6 e5
58.Kf3 f5 59.Bd7 e4+ 60.Kf4  1/2-1/2

[Event "Schwarzach op-A"]
[Site "Schwarzach"]
[Date "1999.??.??"]
[Round "4"]
[White "Ter Minasjan, Dmitry"]
[Black "Stoeckl, Norbert"]
[Result "1-0"]
[WhiteElo "2292"]
[BlackElo "2080"]

1.d4 Nf6 2.Bg5 Ne4 3.Bh4 d5 4.Nd2 Nd6 5.e3 g6 6.c4 c6 7.Ngf3 Bg7 8.Qb3 Qa5
9.cxd5 cxd5 10.Rc1 Na6 11.a3 Bd7 12.Bd3 Ba4 13.Qa2 Bc6 14.Qb1 Nc4 15.O-O Nxd2
16.Nxd2 Qxd2 17.b4 Ba4 18.Rfe1 Nxb4 19.axb4 a5 20.Re2 Qxb4 21.Rb2 Qd6 22.Rxb7 Bf6
23.Bg3 Qd8 24.Bc7 Qc8 25.Bxa5 Bc6 26.Rxc6  1-0

[Event "Sevilla op"]
[Site "Sevilla"]
[Date "1999.??.??"]
[Round "5"]
[White "Stefanova, Antoaneta"]
[Black "Lalic, Bogdan"]
[Result "1/2-1/2"]
[WhiteElo "2475"]
[BlackElo "2560"]

1.d4 Nf6 2.Bg5 Ne4 3.Bf4 c5 4.d5 Qb6 5.Bc1 g6 6.f3 Nf6 7.e4 d6 8.Nc3 Bg7
9.Bc4 Nbd7 10.Nge2 O-O 11.Ng3 h5 12.a4 Ne5 13.Be2 e6 14.a5 Qd8 15.Bg5 exd5
16.Nxd5 Be6 17.O-O Bxd5 18.exd5 Qc7 19.Qd2 Nh7 20.Bh6 f5 21.Bxg7 Qxg7 22.f4 Nf7
23.Ra3 h4 24.Nh1 Rfe8 25.a6 bxa6 26.c3 Nf6  1/2-1/2

[Event "Villa de Sitges 35th"]
[Site "Sitges"]
[Date "1999.??.??"]
[Round "6"]
[White "Stefanova, Antoaneta"]
[Black "Chabanon, Jean Luc"]
[Result "0-1"]
[WhiteElo "2440"]
[BlackElo "2455"]

1.d4 Nf6 2.Bg5 Ne4 3.Bf4 c5 4.d5 Qb6 5.Bc1 e6 6.f3 Nf6 7.c4 Be7 8.e4 d6 9.Nc3 O-O
10.Be2 exd5 11.cxd5 Ne8 12.f4 Bf6 13.Nf3 Bg4 14.Nd2 Bxe2 15.Qxe2 Nd7 16.O-O Bd4+
17.Kh1 Nef6 18.g4 Rfe8 19.Qf3 Qa6 20.Ne2 Nb6 21.Rd1 Re7 22.g5 Nfd7 23.Nxd4 cxd4
24.b4 Na4 25.Nf1 Nc3 26.Rxd4 Qe2 27.Rd3 Qxf3+ 28.Rxf3  0-1

[Event "Villa de Sitges 35th"]
[Site "Sitges"]
[Date "1999.??.??"]
[Round "8"]
[White "Stefanova, Antoaneta"]
[Black "Marcet Bisbale, Antonio"]
[Result "1-0"]
[WhiteElo "2440"]
[BlackElo "2295"]

1.d4 Nf6 2.Bg5 Ne4 3.Bf4 d5 4.e3 c5 5.Bd3 Nf6 6.c3 Nc6 7.Nd2 e6 8.Bg3 Bd6
9.f4 Ne7 10.Qf3 Qb6 11.Rb1 Bd7 12.Ne2 Bb5 13.Bc2 Rc8 14.a4 Ba6 15.O-O Nc6
16.Bf2 cxd4 17.exd4 Bxe2 18.Qxe2 Bxf4 19.Nf3 Bd6 20.Kh1 a6 21.Bh4 Be7 22.Ng5 Qc7
23.Bd3 Nb8 24.Rbe1 Qc6 25.b4 Qd6 26.b5 Rxc3 27.Bg3 Qd8 28.Bxb8 Qxb8 29.Nxf7 O-O
30.Ng5 Qd6 31.Nxe6 Rfc8 32.Nc5 Bf8 33.Nxb7 Qa3 34.Qe6+ Kh8 35.Rxf6 gxf6 36.Qxf6+ Bg7
37.Qf5 Kg8 38.Qxh7+ Kf8 39.Rf1+ Ke8 40.Bg6+ Kd7 41.Qxg7+ Qe7 42.Bf5+ Ke8
43.Qxe7+ Kxe7 44.Bxc8  1-0

[Event "White Nights op"]
[Site "St Petersburg"]
[Date "1999.??.??"]
[Round "4"]
[White "Kashtanov, Ruslan"]
[Black "Vorobiov, Evgeny E"]
[Result "0-1"]
[WhiteElo "2309"]
[BlackElo "2477"]

1.d4 Nf6 2.Bg5 Ne4 3.Bf4 c5 4.f3 Qa5+ 5.c3 Nf6 6.d5 Qb6 7.Qd2 Nxd5 8.Qxd5 Qxb2
9.Qb3 Qxa1 10.e4 Nc6 11.Nh3 e6 12.Qc2 b5 13.Bxb5 e5 14.Bxc6 Rb8 15.O-O dxc6
16.Nd2 Qb2 17.Qd3 exf4 18.Nxf4 Qb6  0-1

[Event "White Nights op"]
[Site "St Petersburg"]
[Date "1999.??.??"]
[Round "6"]
[White "Kryschilovskij, Andrej"]
[Black "Sivokho, Sergey"]
[Result "1/2-1/2"]
[WhiteElo "2391"]
[BlackElo "2435"]

1.d4 Nf6 2.Bg5 Ne4 3.Bf4 d5 4.Nd2 Bf5 5.e3 c5 6.Nxe4 Bxe4 7.Bxb8 Qa5+ 8.Qd2 Qxd2+
9.Kxd2 Rxb8 10.Bb5+ Kd8 11.f3 Bg6 12.c3 e6 13.Nh3 Bd6 14.Nf4 a6 15.Be2 Rc8
16.Nxg6 hxg6 17.h3 g5 18.Bd3 Ke7 19.a3 e5 20.dxc5 Bxc5 21.e4 d4 22.Rac1 Rhd8
23.cxd4 Bxd4 24.Rxc8 Rxc8 25.b3 Bc3+ 26.Kc2 b5 27.a4 Rc5 28.axb5 Bd4+ 29.Kd2 axb5
30.b4 Bc3+ 31.Ke2 Bxb4 32.Rb1 Bc3 33.Rxb5 Rc7 34.Rb1 Bd4 35.Kd2 g6 36.Rb8 Bc3+
37.Ke2 Kf6 38.Ba6 Rd7 39.Rb7 Rd2+ 40.Ke3 Rxg2 41.Bc4 Kg7 42.Rxf7+ Kh6 43.Be6 Bb2
44.Bg4 Rc2 45.Kd3 Rc3+ 46.Kd2 Ra3 47.Rb7 Bd4 48.Rf7 Be3+ 49.Kc2 Bf4 50.Kb2 Re3
51.Kc2 Ra3 52.Kb2 Rd3 53.Kc2 Re3 54.Kb2 Bg3 55.Kc2 Be1 56.Kb2 Rc3 57.Kb1 Bf2
58.Kb2 Bd4 59.Kb1 Rc6 60.Rb7 Bb6 61.Rd7 Bc7 62.Kb2 Bd6 63.Kb3 Bf8 64.Rb7 Bg7
65.Kb4 Kh7 66.Kb5 Rc3 67.Kb6 Kg8 68.Be6+ Kh8 69.Bg4 Bf6 70.Rb8+ Kg7  1/2-1/2

[Event "White Nights op"]
[Site "St Petersburg"]
[Date "1999.??.??"]
[Round "6"]
[White "Sidorov, Anatoly"]
[Black "Shaposhnikov, Evgeny"]
[Result "1/2-1/2"]
[WhiteElo "2300"]
[BlackElo "2474"]

1.d4 Nf6 2.Bg5 Ne4 3.Bf4 d5 4.Nd2 Nxd2 5.Qxd2 Nd7 6.Qa5 Nb6 7.e3 e6 8.Nf3 Bd6
9.Bd3 O-O 10.O-O Bd7 11.Rfe1 Qe7 12.Qd2 f5 13.Bxd6 cxd6 14.Qb4 Bc6 15.Ne5 Rae8
16.Nxc6 bxc6 17.c4 Nxc4 18.Bxc4 Rb8 19.Qa3 dxc4 20.Rac1 f4 21.f3 fxe3 22.Rxc4 Qh4
23.Re2 c5 24.Qxe3 e5 25.g3 cxd4 26.Qxe5 dxe5 27.gxh4 Rxf3 28.Rxe5 d3 29.b3 Rd8
30.Rc1 d2 31.Rd1 Rc3 32.Kf2 Rh3 33.Kg2 Rxh4 34.Re2 Rhd4 35.Re3 Rf8 36.Re2 Rfd8
37.Re3 h6 38.Kf2 Kh7 39.a3 R8d5 40.b4 Rh5 41.Kg1 Rg4+ 42.Kh1 Rd5 43.Re2 Rgd4
44.Kg2 Rd3 45.Kf2 Rh3 46.Kg2 Rxa3 47.Rdxd2 Rg5+ 48.Kf2 Ra4 49.Ra2 Rxb4 50.Rxa7 Rf4+
51.Ke1 Rg1+ 52.Kd2 h5 53.Rae7 Kh6 54.Ke3 Rff1 55.Ra7 Rf6 56.Raa2 g6 57.Rg2 Re1+
58.Rge2 Rh1 59.Rf2 Re6+ 60.Kf3 g5 61.Rfe2 Rf6+ 62.Kg2 Rd1 63.Red2 Rdf1 64.Rf2 R1xf2+
65.Rxf2 Rxf2+ 66.Kxf2 Kg6 67.Kg2 Kf6 68.Kf2 Ke5 69.Ke3 Kd5 70.Kd3 g4 71.Ke3 Ke5
72.h3 Kf5 73.hxg4+ hxg4 74.Kf2 Kf4 75.Kg2 g3 76.Kg1 Kf3 77.Kf1 g2+ 78.Kg1 Kg3  1/2-1/2

[Event "SWZ-chT"]
[Site "SWZ"]
[Date "1999.??.??"]
[Round "2"]
[White "Kallai, Gabor"]
[Black "Forster, Richard"]
[Result "0-1"]
[WhiteElo "2525"]
[BlackElo "2468"]

1.d4 Nf6 2.Bg5 Ne4 3.Bf4 c5 4.d5 e6 5.dxe6 fxe6 6.e3 Nc6 7.Nd2 Nf6 8.e4 Be7
9.e5 Nd5 10.Bg3 O-O 11.Bd3 Nf4 12.Bxf4 Rxf4 13.Ngf3 b6 14.Qe2 Bb7 15.c3 Qc7
16.O-O-O b5 17.Bxb5 Rb8 18.g3 Rf7 19.Bd3 Na5 20.Ne4 Qb6 21.Nfg5 c4 22.Nf6+ gxf6
23.Bxh7+ Rxh7 24.Nxh7 Bf3 25.Qd2 Kxh7 26.Qc2+ f5 27.Rxd7 Rb7 28.Rhd1 Bxd1
29.Rxd1 Qb5 30.Re1 Nc6 31.f4 Qd5 32.g4 Qf3 33.Kb1 Qxf4 34.Qg2 Rb6 35.Qh3+ Kg7
36.Ka1 Qf2 37.Rb1 f4 38.g5 Bxg5 39.Qg4 Kh6 40.Qxe6+ Kh5 41.Qf7+ Kh6 42.e6 Ne7
43.Qf8+ Kh5 44.Qf7+ Kg4 45.h3+ Kxh3 46.Qh5+ Bh4 47.a3 Qg2 48.a4 f3 49.a5 Rxe6  0-1

[Event "SWZ-chT"]
[Site "SWZ"]
[Date "1999.??.??"]
[Round "5"]
[White "Bellini, Fabio"]
[Black "Maeser, Fabian"]
[Result "1-0"]
[WhiteElo "2418"]
[BlackElo "2285"]

1.d4 Nf6 2.Bg5 Ne4 3.Bh4 c6 4.Nd2 Qa5 5.c3 Qh5 6.Nxe4 Qxh4 7.Qd3 d5 8.Nd2 Qh5
9.e4 dxe4 10.Nxe4 Qd5 11.Be2 Bf5 12.Bf3 e6 13.Ne2 Be7 14.Nf4 Qa5 15.O-O Nd7
16.Rfe1 O-O 17.Qe3 Rfe8 18.Nd3 Qc7 19.Ng3 Bg6 20.Nf4 Bd6 21.Nxg6 hxg6 22.Rad1 Rad8
23.Nf1 Nf6 24.g3 Qa5 25.a3 Qb6 26.b4 Qa6 27.Qc1 b5 28.c4 bxc4 29.Ne3 Nd5
30.Nxc4 Be7 31.Re2 Bf6 32.Na5 c5 33.dxc5 Nc3 34.Rxd8 Rxd8 35.Rd2 Rxd2 36.Qxd2 Qb5
37.Kg2 g5 38.h3 g6 39.Nb7 Qa6 40.c6 Qb6 41.Qd7 Be5 42.Nd8  1-0